| 000 | 00595nam a2200181 i 4500 | ||
|---|---|---|---|
| 001 | 21559 | ||
| 003 | ES-MaACL | ||
| 005 | 20250714235852.0 | ||
| 007 | t| | ||
| 008 | 021126s1917 sp |||| | spa d | ||
| 245 | 0 | 0 |
_aÁlbum de eminencias médicas hispano-latinas _b: biografías y opiniones médicas, publicadas en los años 1915 y 1916, en la Revista Mondariz. |
| 260 |
_aMadrid : _b[Tejada y Martín], _c1917. |
||
| 300 |
_a1 v. ; _c29 cm. |
||
| 650 | 0 | 4 |
_aMedicina- _vHistoria _914907 |
| 650 | 4 |
_aMédicos- _xBiografías. _9141215 |
|
| 852 |
_aES-MaACL _jG-15137 |
||
| 999 |
_c21559 _d21559 |
||